The Historical Development of Accounting in Slovakia: Impact of Automatization on Accounting

Stručný opis historického vývoja účtovníctva v SR.

Enregistré dans:
Détails bibliographiques
Auteur principal: Kubaščíková, Zuzana, 1982-
Autres auteurs: Zeytinoğlu, Emin
Format: Chapitre de livre
Langue:anglais
Sujets:
Tags: Ajouter un tag
Pas de tags, Soyez le premier à ajouter un tag!

MARC

LEADER 00000naa$a2200000$$$4500
001 0306701
005 20250204090049.2
041 0 |a eng 
044 |a DE 
245 1 0 |a The Historical Development of Accounting in Slovakia: Impact of Automatization on Accounting  |c Zuzana Kubaščíková, Emin Zeytinoğlu 
520 |a Stručný opis historického vývoja účtovníctva v SR. 
610 2 0 |a dejiny 
610 2 0 |a účtovníctvo 
610 2 0 |a automatizácia 
610 2 0 |a harmonizácia 
610 2 0 |a Slovensko 
100 1 |a Kubaščíková, Zuzana, 1982- 
700 1 |a Zeytinoğlu, Emin